000 00222nam a22000857a 4500
008 160916b xxu||||| |||| 00| 0 eng d
100 _9615
_aMurthi.A.
245 _aGrammar Magic-4
260 _aNew Delhi
_bM.E.B. Publications
_c2012
999 _c3274
_d3274